A Comprehensive Study of Science & Technology/ (Record no. 215833)

MARC details
000 -LEADER
fixed length control field 00633nam a22002057a 4500
005 - DATE AND TIME OF LATEST TRANSACTION
control field 20260408161428.0
010 ## - LCCN (DPL NO)
LC control number ENG-148195
020 ## - INTERNATIONAL STANDARD BOOK NUMBER
Terms of availability 550.00
International Standard Book Number 9789369587551
035 ## - SYSTEM CONTROL NUMBER
System control number EN-131727
037 ## - SOURCE OF ACQUISITION
Source of stock number/acquisition DBAD
082 ## - DEWEY DECIMAL CLASSIFICATION NUMBER
Classification number 500
Edition number 1
100 ## - MAIN ENTRY--PERSONAL NAME
Personal name Mishra, Vishal
245 ## - TITLE STATEMENT
Title A Comprehensive Study of Science & Technology/
Statement of responsibility, etc Vishal Mishra [and] Satyam Jain
250 ## - EDITION STATEMENT
Edition statement 1
260 ## - PUBLICATION, DISTRIBUTION, ETC. (IMPRINT)
Place of publication, distribution, etc Uttar Pradesh
Name of publisher, distributor, etc S Chand and Company Limited
Date of publication, distribution, etc 2025
270 ## - ADDRESS
Address D-92, Sector-2, Noida
City Uttar Pradesh
Postal code 201301
Telephone number 91-120-4682700
300 ## - PHYSICAL DESCRIPTION
Extent 360p.
Dimensions 25cm(pb)
700 ## - ADDED ENTRY--PERSONAL NAME
Personal name Jain, Satyam
Relator term Author
942 ## - ADDED ENTRY ELEMENTS (KOHA)
Source of classification or shelving scheme Dewey Decimal Classification
Item type English Books
Call number suffix MIS
Classification part 500
Holdings
Withdrawn status Lost status Not for loan Collection code Home library Current library Date acquired Source of acquisition Cost, normal purchase price Full call number Barcode Copy number Cost, replacement price Koha item type
    Not For Loan Non-fiction D.B.Act.Division D.B.Act.Division 08/04/2026 Delivery of Books Act Division 550.00 MIS 500 EN-131727 1 550.00 English Books

© Delhi Public Library
Hit Counter
free hit counter